Azucar y politica en la Republica Dominicana /

Bibliographic Details
Other Authors: Corten, André
Format: Book
Language:Spanish
Published: Santo Domingo : Taller, 1981.
Edition:3. ed.
Series:Biblioteca Taller ; 71
Subjects:

MARC

Tag First Indicator Second Indicator Subfields
LEADER 00000cam a2200000 a 4500
001 in00000088769
005 20151008063235.0
008 821009s1981 dr b 00000 spa d
035 |a (OCoLC)08847854 
035 |9 AAK1853AM 
040 |a TXA  |c TXA  |d UtOrBLW 
043 |a nwdr---  |a nwht--- 
049 |a TXAM  |c [1633101] 
090 |a HN217.5  |b  I43 1981 
240 1 0 |a Imperialismo y clases sociales en el Caribe 
245 0 0 |a Azucar y politica en la Republica Dominicana /  |c autores, Andres Corten [and others]. 
250 |a 3. ed. 
264 1 |a Santo Domingo :  |b Taller,  |c 1981. 
300 |a 234 pages ;  |c 21 cm. 
336 |a text  |b txt  |2 rdacontent 
337 |a unmediated  |b n  |2 rdamedia 
338 |a volume  |b nc  |2 rdacarrier 
490 0 |a Biblioteca Taller ;  |v 71 
500 |a First published in 1973 under title: Imperialismo y clases sociales en el Caribe. 
504 |a Includes bibliographical references. 
505 0 |a Las relaciones de produccion en la economia azucarera dominicana / A. Corten, M. Acosta, I. Duarte -- Haiti: estructura agraria y migracion de trabajadores a los centrales azucareros dominicanos / A. Corten -- Azucar e inmigracion haitiana / M. Acosta -- La politica de la dominacion en la Republica Dominicana / C.M. Vilas. 
650 0 |a Agricultural laborers  |z Dominican Republic. 
650 0 |a Agricultural laborers  |z Haiti. 
651 0 |a Dominican Republic  |x Rural conditions. 
651 0 |a Haiti  |x Rural conditions. 
651 0 |a Dominican Republic  |x Race relations. 
700 1 |a Corten, André. 
999 |a MARS 
999 f f |s 41391d4c-9732-3bae-918d-90b5f1bac311  |i 10d8a703-d291-3fa4-8677-6596a84242cc  |t 0 
952 f f |p ric  |a Texas A&M University  |b Rellis Campus  |c Joint Library Facility  |d Remote Storage  |t 0  |e HN217.5 I43 1981  |h Library of Congress classification  |i unmediated -- volume  |m A14805972592 
998 f f |a HN217.5 I43 1981  |t 0  |l Remote Storage